000 00284nam a22001337a 4500
008 171123b xxu||||| |||| 00| 0 eng d
020 _a9780669417944
041 _aeng
080 _24TH
_a54
100 _a12
101 _aKIM
245 _aCHEMISTRY
_cZUMDAHL,S.S
942 _2udc
_cBK
999 _c38321
_d38321